| 000 | 01052nam a2200289 i 4500 | ||
|---|---|---|---|
| 001 | bg | ||
| 100 | 1 | _aJashapara, Ashok. | |
| 245 | 1 | 0 |
_aZarządzanie wiedzą : _bzintegrowane podejście / _cAshok Jashapara ; tł. Jarosław Sawicki. |
| 246 | 1 |
_iTyt. oryg.: _aKnowledge management : _ban integrated approach |
|
| 260 |
_aWarszawa : _bPolskie Wydawnictwo Ekonomiczne, _c2006. |
||
| 300 |
_a396 s. : _bil. ; _c24 cm. |
||
| 500 | _aTyt. oryg.: "Knowledge management : an integrated approach" 2004. | ||
| 504 | _aBibliogr. przy rozdz. | ||
| 521 | _aDla studentów zarządzania, socjologii, praktyków zarządzania, teoretyków organizacji i zarządzania. | ||
| 650 | 9 | _aZarządzanie wiedzą | |
| 655 | _aPodręczniki | ||
| 700 | 1 |
_aSawicki, Jarosław. _eTł. |
|
| 020 | _a8320816319 | ||
| 040 | _cBPK | ||
| 041 | _apol | ||
| 044 | _aPOL | ||
| 080 | _a005.94(07) | ||
| 920 | _a83-208-1631-9 | ||
| 942 | _cKS | ||
| 008 | s pl f |000 0 pol | ||
| 999 |
_c55933 _d55933 |
||
| 856 |
_uhttp://koha.tu.koszalin.pl/cgi-bin/koha/opac-detail.pl?biblionumber=55933 _yKatalog online BPK |
||